Príklad prevodu účtovného hospodárskeho výsledku na daňový, výpočet dane z príjmov a jej rozúčtovanie k 31. 12. 1998
Štruktúra výpočtu dane z príjmu podľa činnosti. Výpočet dane podľa činnosti. Príklad uplatnenia odpočtu straty.
Salvato in:
| Autore principale: | |
|---|---|
| Natura: | Capitolo di libro |
| Lingua: | slovacco |
| Soggetti: | |
| Tags: |
Nessun Tag, puoi essere il primo ad aggiungerne!!
|
MARC
| LEADER | 00000naa a2200000 4500 | ||
|---|---|---|---|
| 001 | r034603 | ||
| 005 | 20230919085844.5 | ||
| 041 | 0 | |a slo | |
| 044 | |a SK | ||
| 245 | 1 | 0 | |a Príklad prevodu účtovného hospodárskeho výsledku na daňový, výpočet dane z príjmov a jej rozúčtovanie k 31. 12. 1998 |c Jozef Vanko |
| 520 | |a Štruktúra výpočtu dane z príjmu podľa činnosti. Výpočet dane podľa činnosti. Príklad uplatnenia odpočtu straty. | ||
| 610 | 2 | 0 | |a výsledok hospodársky |
| 610 | 2 | 0 | |a spoločnosti akciové |
| 610 | 2 | 0 | |a daňovníci |
| 610 | 2 | 0 | |a zisk |
| 610 | 2 | 0 | |a účtovanie |
| 610 | 2 | 0 | |a zápisy účtovné |
| 610 | 2 | 0 | |a dane z príjmov |
| 610 | 2 | 0 | |a závierka účtovná |
| 610 | 2 | 0 | |a 1998 |
| 100 | 1 | |a Vanko, Jozef | |